The Law of Insurance Intermediaries / (Record no. 226)

MARC details
000 -LEADER
fixed length control field 00495nam a22001697a 4500
005 - DATE AND TIME OF INPUT
control field 20231101133810.0
008 - DATA ELEMENTS--GENERAL INFORMATION
fixed length control field 231101b |||||||| |||| 00| 0 eng d
020 ## - INTERNATIONAL STANDARD BOOK NUMBER
International Standard Book Number 0702156272
041 ## - LANGUAGE CODE
Language code of text English
082 ## - SHELF NUMBER
DDC number 346.7 HAV
100 ## - MAIN AUTHOR
Main author's name Havenga, P
Language of a work English
245 ## - TITLE STATEMENT
Title The Law of Insurance Intermediaries /
Statement of responsibility, etc. P Havenga
260 ## - PUBLICATION, DISTRIBUTION, ETC.
Place of publication, distribution, etc. Cape Town :
Name of publisher, distributor, etc. JUTA Law,
Date of publication, distribution, etc. 2001
300 ## - PHYSICAL DESCRIPTION
Other physical details xxv, 242 pages ;
Dimensions 25 cm.
650 ## - SUBJECT`
Broad subject Legal practice
Own subject terms Law
942 ## - ADDED ENTRY ELEMENTS (KOHA)
Item type Books
942 ## - ADDED ENTRY ELEMENTS (KOHA)
-- ALISON_BN_VRIES
Holdings
Source of classification or shelving scheme Not for loan Collection code Home library Current library Shelving location Date acquired Full call number Barcode Price effective from Koha item type
Dewey Decimal Classification   TEXT BOOKS LAW SOCIETY OF NAMIBIA LIBRARY - WINDHOEK LAW SOCIETY OF NAMIBIA LIBRARY - WINDHOEK INSOLVENCY AND INSURANCE 11/01/2023 346.7 HAV LSN/2004/78 11/01/2023 Books